• 首页
  • 本馆介绍
  • 公告通知
  • 最新文献
  • 馆藏检索
  • 电子资源
  • 读者导购
  • 参考咨询
  • 我的图书馆
  • 登录
  • 详细信息显示
  • 放入我的书架
  • 预约/预借图书
  • 作者相关作品
  • 分类相关作品
  • 丛书相关作品
  • 出版社相关作品

书目信息

  • 表格格式
  • 工作单格式
  • 卡片格式
题名:
离散数学
    
 
作者: 陈志奎 主编
分册:  
出版信息: 北京   人民邮电出版社  2018
页数: 234页
开本: 26cm
丛书名: 普通高等教育软件工程“十二五”规划教材
单 册:
中图分类: O158
科图分类:
主题词: 离散数学--li san shu xue--高等教育--教材
电子资源:
ISBN: 978-7-115-32166-4
000 01010nam 2200289 45
001 012001003115
005 20140101084835.0
010    @a978-7-115-32166-4@dCNY35.00
099    @aCAL 012013106846
100    @a20130909d2013 em y0chiy50 ea
101 0  @achi
102    @aCN@b110000
105    @aak a 000yy
106    @ar
200 1  @a离散数学@Ali san shu xue@f陈志奎主编
210    @a北京@c人民邮电出版社@d2018
215    @a234页@c图@d26cm
225 2  @a普通高等教育软件工程“十二五”规划教材@APu Tong Gao Deng Jiao Yu Ruan Jian Gong Cheng “shi Er Wu ”gui Hua Jiao Cai
312    @a英文并列题名取自封面
320    @a有书目
410  0 @12001@a普通高等教育软件工程“十二五”规划教材@APu Tong Gao Deng Jiao Yu Ruan Jian Gong Cheng “shi Er Wu ”gui Hua Jiao Cai
510 1  @aDiscrete mathematics@zeng
606 0  @a离散数学@Ali san shu xue@x高等教育@j教材
690    @aO158@v5
701  0 @a陈志奎@Achen zhi kui@4主编
801  2 @aCN@b北京卓展@c20191020
905    @b1210440-3@dO158@e110@f4
    
    离散数学/陈志奎主编.-北京:人民邮电出版社,2018
    234页:图;26cm.-(普通高等教育软件工程“十二五”规划教材)
    
    
    ISBN 978-7-115-32166-4:CNY35.00
    
●
相关链接 在E读中查询图书 在五车中查询图书 在当当中查询图书 在豆瓣中查询图书


正题名:离散数学     索取号:O158/110         预约/预借

序号 登录号 条形码 馆藏地/架位号 状态 备注
1 1210440   212104408   第二样本阅览室/ [索取号:O158/110] 在馆    
2 1210441   212104417   第三借阅区/ [索取号:O158/110] 在馆    
3 1210442   212104426   第三借阅区/ [索取号:O158/110] 在馆    
4 1210443   212104435   第三借阅区/ [索取号:O158/110] 在馆    
唐山师范学院图书馆 欢迎您!
大连网信软件有限公司© 版权所有